| 000 | 00449nam a2200169 4500 | ||
|---|---|---|---|
| 001 | VA44755 | ||
| 003 | ES-SlBCS | ||
| 005 | 20210601155936.0 | ||
| 008 | 140520s1988 xxu||||| |||| 00| 0 spa d | ||
| 041 | _aspa | ||
| 100 | 1 |
_aPrieto Ramiro, Rafael _929668 |
|
| 245 | 1 | 0 |
_aUna carga ligera. Cuaresma y Pascua 1988 _cRafael Prieto Ramiro |
| 260 |
_aMadrid : _bCaritas _c, 1988 |
||
| 300 |
_a189 p.; _c21 cm |
||
| 650 | 0 | 4 |
_aCuaresma _9126228 |
| 942 | _cBK | ||
| 999 |
_c823734 _d823734 |
||